Herby Powiatów w Województwie Śląskim - Statystyki

Ogólne statystyki
  • Ten quiz został rozwiązany 56 razy
    35 od ostatniego zresetowania
  • Średni wynik to 14 z 17
Statystyki odpowiedzi
Obrazkowy Odpowiedź % Poprawnych
Cieszyński
92%
Będziński
88%
Częstochowski
88%
Żywiecki
88%
Pszczyński
83%
Raciborski
83%
Rybnicki
83%
BieruńskoLędziński
79%
Gliwicki
79%
Lubliniecki
79%
Mikołowski
79%
Myszkowski
79%
Wodzisławski
79%
Zawierciański
79%
Bielski
75%
Kłobucki
75%
Tarnogórski
75%
Nie znaleziono quizów pasujących do podanych kryteriów
Rozkład punktacji
Procent ludzi z każdym wynikiem
Percentyl według liczby udzielonych odpowiedzi
Twoja historia wyników
Nie rozwiązałeś tego quizu od ostatniego zresetowania